| 000 | 00500cam a22001691 4500 | ||
|---|---|---|---|
| 082 | 0 | 0 |
_a519 _bMUR _cL-3, P-6 |
| 100 | 1 |
_aMurnaghan, Francis D. _939427 |
|
| 245 | 1 | 0 | _aIntroduction to applied mathematics. |
| 260 |
_aNew York, _bWiley, _c1948. |
||
| 300 |
_aix, 389 p. _c24 cm. |
||
| 490 | 1 | _aApplied mathematics series | |
| 526 |
_a0 _b0 _c0 _d519_000000000000000_MUR |
||
| 526 |
_a0 _b0 _c0 _d519_000000000000000_MUR |
||
| 650 | 0 |
_aMathematical analysis. _9198 |
|
| 650 | 0 |
_aMCE _9379 |
|
| 942 |
_2ddc _cBK |
||
| 999 |
_c543922 _d543922 |
||